000 00447nam a2200169Ia 4500
003 GCL
008 140319s9999 xx 000 0 eng d
040 _aGCL /
_cGCL
082 0 4 _a750.18
_bP C
100 1 _aPEARCE,CYRIL
245 1 0 _aCOMPASITION: AN ANALYSIS OF THE PRINCIPLES OF PICTORIAL DESIGN /
_cPEARCE,CYRIL
260 _a[S.N] :
_bB.T.BATSFORD LTD
650 0 4 _aARTS
650 0 4 _aDESIGN
650 0 4 _aART, PICTORIAL
942 _2ddc
_cBK
999 _c19493
_d19493